000 01561nam0a2200301 i 4500
001 RU\NLR\BIBL_A\011325792
005 20260405125919.0
010 _a9785990299221
_9500
021 _aRU
_b2017-1601
_9117
035 _a(NLR Aleph) 011325792
090 _a11106635
_c11106635
100 _a20170214d2016 u y0rusy50 ca
101 0 _arus
102 _aRU
105 _aa z 001yy
200 1 _aКорпоративные финансы (водный транспорт)
_eучебник для студентов по направлениям подготовки 38.03.01 "Экономика" и 38.03.02 "Менеджмент"
_fА. В. Воробьев, В. Е. Леонтьев
210 _aНижний Новгород
_cИзд-во ФГБОУ ВО "ВГУВТ"
_d2016
215 _a326 с.
_cил.
_d21
300 _aНа 4-й с. обл. авт.: Воробьев А. В., Леонтьев В. Е., доктора экон. наук, профессора
320 _aБиблиогр.: с. 321-322 (15 назв.)
606 1 _aКорпорации
_jУчебные издания для высших учебных заведений
_xФинансы
_92162239
_3RU\NLR\AUTH\661301194
686 1 _aУ26(0)19я73
700 1 _8rus
_7ca
_aВоробьев
_bА. В.
_cканд. экон. наук
_gАлексей Вячеславович
_3RU\NLR\AUTH\7751139
_934073
701 1 _aЛеонтьев
_bВ. Е.
_gВладимир Евгеньевич
942 _cBOOK
980 _aNBR